Statistics for All Ed Sheeran Songs

Click here to take the quiz!

General Stats

  • This quiz has been taken 559 times
    (479 since last reset)
  • The average score is 28 of 96

Answer Stats

Album/Lead ArtistAnswer% Correct
÷Perfect
85%
÷Shape of You
83%
÷Castle on the Hill
77%
xThinking Out Loud
77%
÷Galway Girl
74%
+The A Team
70%
+Lego House
65%
÷Supermarket Flowers
65%
xPhotograph
64%
xDon't
62%
xSing
61%
÷Dive
53%
No. 6 Collaborations ProjectI Dont Care
53%
5So
53%
÷Happier
52%
No. 6 Collaborations ProjectBeautiful People
51%
÷Barcelona
50%
with Taylor SwiftEverything Has Changed
49%
÷Eraser
48%
No. 6 Collaborations ProjectSouth of the Border
47%
+Give Me Love
46%
xI See Fire
45%
÷Nancy Mulligan
45%
xBloodstream
44%
÷New Man
42%
+Drunk
40%
xOne
40%
xTenerife Sea
40%
+You Need Me, I Don't Need You
40%
No. 6 Collaborations ProjectTake Me Back to London
39%
+Small Bump
37%
xNina
35%
with EminemRiver
35%
÷How Would You Feel (Paean)
34%
+Kiss Me
34%
÷Hearts Don't Break Around Here
33%
xAfire Love
32%
No. 6 Collaborations ProjectCross Me
32%
÷Save Myself
32%
÷What Do I Know?
30%
÷Bibia Be Ye Ye
29%
+U.N.I.
29%
with Taylor Swift and FutureEnd Game
28%
xI'm a Mess
28%
xThe Man
28%
No. 6 Collaborations ProjectAntisocial
26%
No. 6 Collaborations ProjectRemember the Name
25%
xEven My Dad Does Sometimes
24%
+Grade 8
24%
+The City
24%
No. 6 Collaborations ProjectBest Part of Me
23%
No. 6 Collaborations ProjectBlow
23%
+Little Bird
23%
xRunaway
22%
xShirtsleeves
22%
+Autumn Leaves
21%
No. 6 Collaborations ProjectPut It All On Me
21%
xTake it Back
20%
+This
20%
+Wake Me Up
20%
No. 6 Collaborations Project1000 Nights
18%
+Gold Rush
18%
No. 6 Collaborations ProjectNothing on You
18%
+Sunburn
17%
5Cold Coffee
16%
No. 6 Collaborations ProjectI Dont Want Your Money
16%
with RudimentalLay It All On Me
15%
No. 6 Collaborations ProjectWay to Break My Heart
15%
No. 6 Collaborations ProjectFeels
14%
5Sofa
13%
xMake it Rain
12%
5Firefly
11%
with StormzyOwn It
11%
5She
11%
xEnglish Rose
10%
xNew York
9%
xTouch and Go
9%
5Be Like You
8%
5Fall
8%
5Fire Alarms
7%
5Little Lady
7%
5One Night
7%
5Where We Land
7%
with Fuse ODGBoa Me
5%
5Radio
5%
with Hoodie AllenAll About It
4%
5Goodbye to You
4%
5Lately
4%
5Nightmares
4%
5Drown Me Out
3%
with Lupe FiascoOld School Love
3%
with DevlinWatchtower
2%
with Wretch 32Hush Little Baby
1%
with NekfeuReuf
1%
with Rizzle KicksDreamers
0%
with Richard Jones, etc.Wish You Were Here
0%

Score Distribution

Percentile by Number Answered

Percent of People with Each Score

Your Score History

You have not taken this quiz since the last reset